000 00611nam a2200241Ia 4500
003 OSt
005 20220918203906.0
006 a|||||r|||| 00| 0
007 ta
008 220917b |||||||| |||| 00| 0 eng d
024 _a110,165
037 _cTextual
040 _aARTS
_cARTS
_beng
041 _2eng
_aeng
082 _aV41:19(zP).N8, M5
100 _aSegal Gerald
_997237
245 0 _aDefending China
260 _aOxford
_bOUP
_c1985
300 _aviii,264p.
_ccm.
650 _aHISTORY
942 _hV41:19(zP).N8, M5
_cTEXL
_2CC
999 _c233515
_d233515